000 00536nam a22001817a 4500
005 20240117103100.0
008 170919b xxu||||| |||| 00| 0 eng d
020 _a978-81-7758-957-3
041 _aeng
082 _a547
_bFUR-T
100 _aFURNISS, BRIAN S. , HANNAFORD, ANTONY J. SMITH, PETER W.G. AND TATCHELL, AUSTIN, R.
_98389
245 _a Voge'ls Text books of Practical Organic Chemistry
250 _a5th
260 _aNew Delhi
_bPearson
300 _a1514
650 _aPHARMACY
_xB.PHARMA & D.PHARMA
942 _cBK
999 _c5596
_d5594